000 00337nam a2200133Ia 4500
008 210210b1991 xxu||||| |||| 00| 0 eng d
082 _a309.54 DOSR
100 _aDOSHI (S L).
245 _aRelevance in sociological research.
260 _aND
_bRawat Publications
_c1991
300 _a210
690 _aSocial Situation
906 _a047966
999 _c96788
_d96788